000 00753nam a2200253 i 4500
001 14172
003 ES-MaACL
005 20250716062524.0
007 t|
008 900301s1993 sp ||||0| spa j ..|
015 _a1990-FEB-3580
016 7 _zSAB9000074202
020 _a84-85708-04-0
040 _aM-BN-DP
_bspa
_cM-BN-DP
080 _a820-22"15"
100 1 _aShakespeare, William,
_d1564-1616
_9105992
245 1 3 _aEl sueño de noche de verano /
_cWilliam Shakespeare ; versión rítmica de A. García Calvo.
250 _a3ª ed.
260 _aMadrid :
_bLucina,
_c1993.
300 _a106 p. ;
_c19 cm.
700 1 _aGarcía Calvo, Agustín,
_d1926-2012
_9233841
852 _aES-MaACL
_jL-21448
_bR.126743
999 _c14172
_d14172